000 00668nam a2200193 a 4500
008 110916s1989 ||||||||||||||||| || u
020 _a0397508549
050 _aRJ 47 Ped
100 _aHudak, Mark
245 1 0 _aPediatrics
_cby Robert A. Wood, [and others]
260 _aLondon:
_bJ.B. Lippincott
_c1989
300 _axiii, 577p.: ill.
350 _a0.00
650 _aPAEDIATRICS
650 0 _aPEDIATRICS
700 _aFosarelli, Patricia
700 _aWood, Robert. A
995 _aMEDICAL LIBRARY OPEN ACCESS
_D0.00
_e901176
_FCBU-SCHOOL OF MEDICINE LIBRARY (Ndola)
_H1
_I0.00
_jRJ 47 PED
_M1
_UAVAILABLE
_WOct 14, 2011
_y901176
_ZMedical Library Open Access Collection
999 _c32341
_d32341